000 00412nam a2200157Ia 4500
008 210716s2009 xx 000 0 und d
020 _a9788131713921
041 _aeng
082 _a005.73 KAMA
100 _aKamthane, Ashok N.
245 _aIntroduction to data structures in c.
250 _a1
260 _aNew Delhi
_bPearson Education
_c2009
300 _axvii,484
650 _aData Structures(005.73)
999 _c191290
_d191290